Research to Inform the Five Year Review of the Home Report (Record no. 115272)
[ view plain ]
| 000 -LEADER | |
|---|---|
| fixed length control field | 01141cam a22002655a 4500 |
| 001 - CONTROL NUMBER | |
| control field | L158342 |
| 008 - FIXED-LENGTH DATA ELEMENTS--GENERAL INFORMATION | |
| fixed length control field | 150113s2015 xxk f 000 0 eng d |
| 020 ## - INTERNATIONAL STANDARD BOOK NUMBER | |
| International Standard Book Number | 9781785440373 |
| 035 ## - SYSTEM CONTROL NUMBER | |
| System control number | (Sirsi) u158342 |
| 041 0# - LANGUAGE CODE | |
| Language code of text/sound track or separate title | eng |
| 100 1# - MAIN ENTRY--PERSONAL NAME | |
| Personal name | Black, Carolyn |
| 245 00 - TITLE STATEMENT | |
| Title | Research to Inform the Five Year Review of the Home Report |
| Medium | [electronic resource] |
| 260 ## - PUBLICATION, DISTRIBUTION, ETC. | |
| Place of publication, distribution, etc. | [S.l.] |
| Name of publisher, distributor, etc. | Scottish Government |
| Date of publication, distribution, etc. | 2015 |
| 520 ## - SUMMARY, ETC. | |
| Summary, etc. | Outlines the findings of research undertaken by Ipsos Mori and Retties and Co based on responses to the Scottish Government public consultation on its evaluation of the Home Report in Scotland launched in December 2013 five years after its introduction in December 2008. Consultation closed on 6 March 2014 and the responses were included in the research. |
| 590 ## - LOCAL NOTE (RLIN) | |
| Local note | KA |
| 650 24 - SUBJECT ADDED ENTRY--TOPICAL TERM | |
| Topical term or geographic name entry element | HOME REPORT |
| 651 #4 - SUBJECT ADDED ENTRY--GEOGRAPHIC NAME | |
| Geographic name | Scotland |
| 690 ## - LOCAL SUBJECT ADDED ENTRY--TOPICAL TERM (OCLC, RLIN) | |
| Topical term or geographic name as entry element | Survey reports |
| 9 (RLIN) | 6270 |
| 690 ## - LOCAL SUBJECT ADDED ENTRY--TOPICAL TERM (OCLC, RLIN) | |
| Topical term or geographic name as entry element | Valuation |
| 9 (RLIN) | 6273 |
| 700 1# - ADDED ENTRY--PERSONAL NAME | |
| Personal name | Diffley, Mark |
| 700 1# - ADDED ENTRY--PERSONAL NAME | |
| Personal name | Setterfield, Lucy |
| 700 1# - ADDED ENTRY--PERSONAL NAME | |
| Personal name | Boyle, John |
| 856 40 - ELECTRONIC LOCATION AND ACCESS | |
| Uniform Resource Identifier | <a href="https://www.scotland.gov.uk/Resource/0046/00467130.pdf">https://www.scotland.gov.uk/Resource/0046/00467130.pdf</a> |
| Public note | View the item free of charge from www.scotland.gov.uk |
| 942 ## - ADDED ENTRY ELEMENTS (KOHA) | |
| Suppress in OPAC | 0 |
| Withdrawn status | Lost status | Source of classification or shelving scheme | Damaged status | Not for loan | Home library | Current library | Shelving location | Date acquired | Total Checkouts | Full call number | Barcode | Date last seen | Copy number | Price effective from | Koha item type |
|---|---|---|---|---|---|---|---|---|---|---|---|---|---|---|---|
| Dewey Decimal Classification | Virtual | Virtual | Online | 13/01/2015 | ONLINE PUBLICATION | 158342-2001 | 06/08/2019 | 1 | 06/08/2019 | Book |